[Event "Oberliga NRW 0607"]
[Site "Germany"]
[Date "2006.11.26"]
[Round "3.8"]
[White "Freiberger, Jonas"]
[Black "Bekritsky, Gregory"]
[Result "1-0"]
[WhiteElo "2205"]
[BlackElo "1826"]
[PlyCount "111"]
[EventDate "2006.09.17"]
[EventType "team-tourn"]
[EventRounds "9"]
[EventCountry "GER"]
[SourceTitle "EXT 2008"]
[Source "ChessBase"]
[SourceDate "2007.11.25"]
[SourceVersion "1"]
[SourceVersionDate "2007.11.25"]
[SourceQuality "1"]
[WhiteTeam "Werther"]
[BlackTeam "Koeln SF"]
[WhiteTeamCountry "GER"]
[BlackTeamCountry "GER"]

1. e4 c5 2. Nf3 e6 3. d4 cxd4 4. Nxd4 Nf6 5. Nc3 d6 6. g4 h6 7. Rg1 a6 8. h4 Nfd7 9. g5 hxg5 10. hxg5 Nb6 11. a4 Qc7 12. Qe2 Nc6 13. Nxc6 Qxc6 14. a5 Nd7 15. g6 f6 16. Nd5 Be7 17. Nxe7 Kxe7 18. Ra3 Nc5 19. Bg2 e5 20. f4 Bd7 21. Rc3 Qb5 22. fxe5 Qxe2+ 23. Kxe2 Bg4+ 24. Kf2 fxe5 25. Kg3 Be6 26. Bg5+ Kd7 27. Rd1 Rac8 28. Ra3 Rh5 29. Be3 Ke7 30. Rh1 Rxh1 31. Bg5+ Kd7 32. Bxh1 Bg8 33. Rc3 Ne6 34. Rxc8 Kxc8 35. Be3 Nf8 36. Bf3 Nxg6 37. Bg4+ Kc7 38. Bb6+ Kb8 39. c3 Nf4 40. Be3 g5 41. Bf5 Kc7 42. Kg4 Kc6 43. Kxg5 Nd3 44. b4 Nb2 45. Kf6 Nd1 46. Bd2 Bc4 47. Ke7 Bd3 48. Kd8 Kb5 49. Be1 d5 50. Bd7+ Kc4 51. exd5 Kxd5 52. Kc7 e4 53. Kxb7 e3 54. b5 axb5 55. a6 Kc5 56. Bc6 1-0

[Event "Cologne-ch 04"]
[Site "Cologne"]
[Date "2004.??.??"]
[Round "3"]
[White "Zegners, Dainis"]
[Black "Bekritsky, Gregory"]
[Result "1-0"]
[WhiteElo "1511"]
[BlackElo "1634"]
[PlyCount "95"]
[EventDate "2004.01.??"]
[EventType "swiss"]
[EventRounds "7"]
[EventCountry "GER"]
[SourceTitle "EXT 2006"]
[Source "ChessBase"]
[SourceDate "2005.11.24"]
[SourceVersion "1"]
[SourceVersionDate "2005.11.24"]
[SourceQuality "1"]

1. e4 c5 2. Nf3 Nc6 3. d4 cxd4 4. Nxd4 Nf6 5. Nc3 d6 6. Be2 e6 7. 0-0 d5 8. exd5 Nxd5 9. Nxc6 bxc6 10. Qd4 Qb6 11. Qe5 Qb8 12. Qxb8 Rxb8 13. Ne4 f5 14. Ng5 e5 15. c4 Nf6 16. b3 h6 17. Nf3 e4 18. Ne5 Bb7 19. Rd1 Bc5 20. Ng6 Rg8 21. Bf4 Rd8 22. Rxd8+ Kxd8 23. Rd1+ Kc8 24. Bd6 Bxd6 25. Rxd6 Rd8 26. Ne7+ Kc7 27. Rxd8 Kxd8 28. Nxf5 Ne8 29. Bh5 Bc8 30. Bxe8 Bxf5 31. Bxc6 Kc7 32. Bd5 Kb6 33. b4 Kc7 34. Kf1 Kd6 35. Ke2 Ke5 36. Ke3 g5 37. Bb7 Be6 38. c5 Bxa2 39. Bxe4 Be6 40. g3 Bc8 41. f4+ gxf4+ 42. gxf4+ Kf6 43. Kd4 Ke6 44. f5+ Kf6 45. c6 Ke7 46. Ke5 h5 47. h4 a6 48. Bf3 1-0